Business Cycles: The Problem and Its Setting: Studies in business cycles No. 1 / (Record no. 617335)

000 -LEADER
fixed length control field 00484nam a22001457a 4500
020 ## - INTERNATIONAL STANDARD BOOK NUMBER
Qualifying information HB.
040 ## - CATALOGING SOURCE
Transcribing agency FIZZA ISHAQ
082 ## - DEWEY DECIMAL CLASSIFICATION NUMBER
Classification number 330.1
Author Mark MIT
100 ## - MAIN ENTRY--PERSONAL NAME
Personal name Mitchell , Wesley.
9 (RLIN) 134355
245 ## - TITLE STATEMENT
Title Business Cycles: The Problem and Its Setting: Studies in business cycles No. 1 /
Statement of responsibility, etc. Wesley Mitchell.
250 ## - EDITION STATEMENT
Edition statement 13th Printing.
260 ## - PUBLICATION, DISTRIBUTION, ETC.
Place of publication, distribution, etc. New York:
Name of publisher, distributor, etc. National Bureau of Economic Research ,
Date of publication, distribution, etc. 1949.
300 ## - PHYSICAL DESCRIPTION
Extent xxii ; 489 P. ;
Dimensions ‎ 7.87 x 5.91 x 0.79 inches
942 ## - ADDED ENTRY ELEMENTS (KOHA)
Source of classification or shelving scheme
Koha item type Book
Holdings
Withdrawn status Lost status Source of classification or shelving scheme Damaged status Not for loan Permanent Location Current Location Shelving location Date acquired Total Checkouts Full call number Barcode Date last seen Price effective from Koha item type
          NUST Baluchistan Campus (NBC) NUST Baluchistan Campus (NBC) Reference 05/06/2026   330.1 MIT QD-158 05/06/2026 05/06/2026 Book
© 2023 Central Library, National University of Sciences and Technology. All Rights Reserved.